Environment & Urbanisation: Conflict and violence in the 21 st century cities (Record no. 81258)

MARC details
000 -LEADER
fixed length control field 00693nam a22002297a 4500
003 - CONTROL NUMBER IDENTIFIER
control field CBULib
005 - DATE AND TIME OF LATEST TRANSACTION
control field 20230824125503.0
008 - FIXED-LENGTH DATA ELEMENTS--GENERAL INFORMATION
fixed length control field 230822b |||||||| |||| 00| 0 eng d
040 ## - CATALOGING SOURCE
Language of cataloging English
Transcribing agency CBULib
Modifying agency CBULib
Description conventions rda
050 ## - LIBRARY OF CONGRESS CALL NUMBER
Classification number IIED(05)EU201426/2
100 ## - MAIN ENTRY--PERSONAL NAME
Personal name E&U
245 ## - TITLE STATEMENT
Title Environment & Urbanisation: Conflict and violence in the 21 st century cities
260 ## - PUBLICATION, DISTRIBUTION, ETC. (IMPRINT)
Name of publisher, distributor, etc Sage
Date of publication, distribution, etc 2014
Place of publication, distribution, etc United Kingdom
300 ## - PHYSICAL DESCRIPTION
Extent 617 pages : illustrations
336 ## - CONTENT TYPE
Source rdacontent
Content type term Text |
337 ## - MEDIA TYPE
Source rdamedia
Media type term Unmediated |
Media type code n
338 ## - CARRIER TYPE
Source rdacarrier
Carrier type term Volume
Carrier type code nc
650 #0 - SUBJECT ADDED ENTRY--TOPICAL TERM
9 (RLIN) 644
Topical term or geographic name as entry element ENVIRONMENT AND URBANIZATION
650 #0 - SUBJECT ADDED ENTRY--TOPICAL TERM
9 (RLIN) 646
Topical term or geographic name as entry element ENVIRONMENT
650 #0 - SUBJECT ADDED ENTRY--TOPICAL TERM
9 (RLIN) 645
Topical term or geographic name as entry element URBANIZATION
942 ## - ADDED ENTRY ELEMENTS (KOHA)
Source of classification or shelving scheme
Koha item type INTERNATIONAL PUBLICATIONS
Holdings
Withdrawn status Lost status Source of classification or shelving scheme Damaged status Not for loan Collection code Permanent Location Current Location Shelving location Date acquired Source of acquisition Full call number Barcode Date last seen Price effective from Koha item type
          Special Collections CBU-MAIN LIBRARY, KITWE. CBU-MAIN LIBRARY, KITWE. Special Collections 08/17/2023 DEP-IIED IIED(05)EU/2014/26/2 81258 08/17/2023 08/17/2023 INTERNATIONAL PUBLICATIONS